LEADER 00943nam0-22002891i-450 001 990001827060403321 005 20190529131427.0 035 $a000182706 035 $aFED01000182706 035 $a(Aleph)000182706FED01 035 $a000182706 100 $a20021010d1997----km-y0itay50------ba 101 0 $aita 200 1 $aMatteo Ripa, Carlo VI, la compagnia di Ostenda e il progetto di fondazione a Napoli di un Collegio dei cinesi$fMicheleFatica. 210 $aNapoli$cIstituto Universitario Orientale$d1997. 215 $a29 p.$d23 cm 610 0 $aCina - storia 676 $a951 700 1$aFatica,$bMichele$080358 801 0$aIT$bUNINA$gRICA$2UNIMARC 901 $aLG 912 $a990001827060403321 952 $a60 OP. 143/19$b7465$fFAGBC 959 $aFAGBC 996 $aMatteo Ripa, Carlo VI, la compagnia di Ostenda e il progetto di fondazione a Napoli di un Collegio dei cinesi$9411517 997 $aUNINA DB $aING01 LEADER 01885nam0 2200445 i 450 001 VAN00133613 005 20240806100839.887 017 70$2N$a9783319176680 100 $a20210414d2015 |0itac50 ba 101 $aeng 102 $aCH 105 $a|||| ||||| 200 1 $aExperimental Innovations in Surface Science$eA Guide to Practical Laboratory Methods and Instruments$fJohn T. Yates Jr 205 $a2. ed 210 $aCham$cSpringer$d2015 215 $axxi, 655 p.$cill.$d24 cm 500 1$3VAN00134341$aExperimental Innovations in Surface Science$91771566 606 $a00A79 (77-XX)$xPhysics [MSC 2020]$3VANC023182$2MF 606 $a92Exx$xChemistry [MSC 2020]$3VANC025596$2MF 610 $aAdsorbates to surfaces$9KW:K 610 $aAdsorption and desorption$9KW:K 610 $aCalorimetric heat of adsorption$9KW:K 610 $aInfrared Spectroscopy$9KW:K 610 $aNew concepts in surface physics$9KW:K 610 $aPumping and trapping$9KW:K 610 $aSurface preparation methods$9KW:K 610 $aTemperature measurements$9KW:K 610 $aThermal control$9KW:K 610 $aUltrahigh vacuum systems technology$9KW:K 620 $aCH$dCham$3VANL001889 700 1$aYates$bJohn T., jr$3VANV045932$0792280 712 $aSpringer $3VANV108073$4650 801 $aIT$bSOL$c20241115$gRICA 856 4 $uhttp://doi.org/10.1007/978-3-319-17668-0$zE-book ? Accesso al full-text attraverso riconoscimento IP di Ateneo, proxy e/o Shibboleth 899 $aBIBLIOTECA DEL DIPARTIMENTO DI MATEMATICA E FISICA$1IT-CE0120$2VAN08 912 $fN 912 $aVAN00133613 950 $aBIBLIOTECA DEL DIPARTIMENTO DI MATEMATICA E FISICA$d08DLOAD e-book 2337 $e08eMF2337 20210414 996 $aExperimental Innovations in Surface Science$91771566 997 $aUNICAMPANIA LEADER 01391nam0 22003373i 450 001 VAN00292868 005 20250515081546.796 017 70$2N$a9783030852221 100 $a20250515d2021 |0itac50 ba 101 $aeng 102 $aCH 105 $a|||| ||||| 181 $ai$b e 182 $ab 183 $acr 200 1 $aHerbals of Asia$ePrevalent Diseases and Their Treatments$fKhafsa Malik ... [et al.] 210 $aCham$cSpringer$d2021 215 $aXII, 507 p.$cill.$d24 cm 620 $aCH$dCham$3VANL001889 676 $a581.7$cEcologia vegetale, piante caratteristiche di specifici ambienti$v22 676 $a571.2$cFisiologia vegetale$v22 702 1$aMalik$bKhafsa$3VANV248576 712 $aSpringer $3VANV108073$4650 801 $aIT$bSOL$c20250516$gRICA 856 4 $uhttps://link.springer.com/book/10.1007/978-3-030-85222-1$zE-book - Accesso al full-text attraverso riconoscimento IP di Ateneo, proxy e/o Shibboleth 899 $aBIBLIOTECA DEL DIPARTIMENTO DI SCIENZE E TECNOLOGIE AMBIENTALI BIOLOGICHE E FARMACEUTICHE$1IT-CE0101$2VAN17 912 $fN 912 $aVAN00292868 950 $aBIBLIOTECA DEL DIPARTIMENTO DI SCIENZE E TECNOLOGIE AMBIENTALI BIOLOGICHE E FARMACEUTICHE$d17CONS e-book 189 $e17BIB189/606 606 20250515 996 $aHerbals of Asia$94376724 997 $aUNICAMPANIA